Viisi suurinta valtiota maanosittain - Statistics

Yleistilastot
  • Tätä visaa on pelattu 1 463 kertaa
  • Keskiarvotulos 23 / 29
Vastaustilastot
Maanosa Valtio % Oikein
Eurooppa | Aasia Venäjä
98%
Pohjois-Amerikka Yhdysvallat
97%
Oseania Australia
96%
Pohjois-Amerikka Kanada
96%
Aasia Kiina
96%
Etelä-Amerikka Brasilia
95%
Eurooppa Ranska
95%
Pohjois-Amerikka Meksiko
93%
Etelä-Amerikka Argentiina
92%
Eurooppa Espanja
92%
Aasia Intia
90%
Oseania Uusi-Seelanti
90%
Eurooppa Ukraina
88%
Afrikka Kongon dem. tasavalta
83%
Etelä-Amerikka Peru
81%
Afrikka Algeria
80%
Aasia Kazakstan
79%
Etelä-Amerikka Kolumbia
79%
Eurooppa Ruotsi
76%
Etelä-Amerikka Bolivia
70%
Afrikka Libya
68%
Oseania Papua-Uusi-Guinea
67%
Afrikka Sudan
67%
Aasia Saudi-Arabia
64%
Afrikka Tšad
58%
Pohjois-Amerikka Honduras
52%
Pohjois-Amerikka Nicaragua
51%
Oseania Fidži
46%
Oseania Salomoninsaaret
43%
Ehtoja vastaavia visoja ei löytynyt
Tulosjakauma
Jokaisen tuloksen saaneiden osuus
Persentiili vastausten määrän mukaan
Tuloshistoriasi
Et ole pelannut tätä visaa